Formes des pays selon leur moitié supérieure - Statistiques

Statistiques générales
  • Ce quiz a été pris 47 fois
  • Le résultat moyen est 10 sur 16
Statistiques - réponses
Par images Réponse % Correct
Somalie
93%
Chypre
91%
Israël
84%
Jordanie
80%
Croatie
78%
Iran
78%
Maroc
76%
Nouvelle-Zélande
76%
Mozambique
69%
Pérou
69%
Costa Rica
56%
Thaïlande
53%
Pakistan
51%
Cameroun
49%
Malawi
20%
Moldavie
20%
Aucun quiz correspondant
Distribution des résultats
% des personnes avec chaque résultat
Percentile par nombre de réponses
Votre historique - résultats
Vous n’avez pas pris ce quiz